000 00329nam a22001337a 4500
008 181011b xxu||||| |||| 00| 0 eng d
020 _a9789989142482
041 _aeng
080 _a820
100 _a21
101 _aGJL
245 _aKlubi i Shkrimtarëve "JEHONA E KARADAKUT" Një çerekshekull
_cDemiri,S
942 _2udc
_cBK
999 _c49369
_d49369